zpět

Detail výsledku týmu

Pivní ambasáda, Pardubice

Datum a čas kvízu

30 Celkem bodů Celkový počet nahraných bodů na tomto kvízu bez doplňovacích otázek.
4. Pořadí na kvízu Konečné umístění týmu na tomto kvízu.

Zaznamenané odpovědi

# Otázka Odpověď Body Výsledky
1. Na kterém českém hradě skončil... na Karlštejně 0
2. Německý bulvární časopis Die A... s Michaelem Schumacherem 1
3. Minulý týden byly rozděleny pr... Patrik Banga 0
4. Japonská společnost Sega oznám... Angry Birds 1
5. Dostat rychlý gól na začátku z... Newcastle, Tottenham 0
6. O slovanských bozích a mýtech... Perun, Mokoš/Mokoša/Makoša 0.5
7. Níže zobrazený český lékař a b... Jan Evangelista Purkyně, Živa 0
8. Na kresbě níže je zachycena mý... Kostěj 0
9. Seřaďte tyto slovanské svátky... 1B 2D 3A 4C 0
10. Ve fantasy románu Američtí ___... Američtí bohové, Neil Gaiman 0.5